Data Mining in Medical and Biological Research (E-Book) (Record no. 192323)

000 -LEADER
fixed length control field 01535 a2200145 4500
003 - CONTROL NUMBER IDENTIFIER
control field Nust
005 - DATE AND TIME OF LATEST TRANSACTION
control field 20170207154034.0
040 ## - CATALOGING SOURCE
Transcribing agency Nust
100 ## - MAIN ENTRY--PERSONAL NAME
Personal name Eugenia G. Giannopoulou
245 ## - TITLE STATEMENT
Title Data Mining in Medical and Biological Research (E-Book)
Statement of responsibility, etc. Eugenia G. Giannopoulou
260 ## - PUBLICATION, DISTRIBUTION, ETC.
Place of publication, distribution, etc. India
Name of publisher, distributor, etc. In-Teh
Date of publication, distribution, etc. © 2008
300 ## - PHYSICAL DESCRIPTION
Extent viii,320 P;
505 ## - FORMATTED CONTENTS NOTE
Formatted contents note Discovery of the Latent Supportive Relevance in Medical Data Mining 001 Intelligent Decision Support System for Classification of Eeg Signals using Wavelet Coefficients 019 Data Mining for DNA Viruses with Breast Cancer and its Limitation 039 Building Ontology from Knowledge Base Systems 055 Building Clinical Trust in Automated Knowledge Acquisition 069 Radiology Data Mining Applications using Imaging Informatics 107 Application of Data Mining and Text Mining to the Analysis of Medical near Miss Cases 117 Interactive Knowledge Discovery for Temporal Lobe Epilepsy 131 Monitoring Human Resources of a Public Health-Care System through Intelligent Data Analysis and Visualization 149 Data and Mined-Knowledge Interoperability in eHealth Systems 159 A Scalable Healthcare Integrated Platform (SHIP) and Key Technologies for Daily Application 177 A Mobile Device Based ECG Analysis System 209 A New Definition and Look at DNA Motif 227 Data Mining Applications in the Post-Genomic Era 237 Topological Analysis of Cellular Networks 253 Biomedical Literature Mining for Biological Databases Annotation 267 Social Data Mining to Improve Bioinspired Intelligent Systems 291
651 ## - SUBJECT ADDED ENTRY--GEOGRAPHIC NAME
Geographic name (E-Book)
942 ## - ADDED ENTRY ELEMENTS (KOHA)
Source of classification or shelving scheme
Koha item type Book
Holdings
Withdrawn status Lost status Source of classification or shelving scheme Damaged status Not for loan Collection code Permanent Location Current Location Date acquired Total Checkouts Barcode Date last seen Price effective from Koha item type
            Military College of Signals (MCS) Military College of Signals (MCS) 12/12/2016   MCSEB-1489 12/08/2016 12/12/2016 Book
© 2023 Central Library, National University of Sciences and Technology. All Rights Reserved.